Strategic management of human resources / (Record no. 18168)
[ view plain ]
| 000 -LEADER | |
|---|---|
| fixed length control field | 00832nam a22002417a 4500 |
| 008 - FIXED-LENGTH DATA ELEMENTS--GENERAL INFORMATION | |
| fixed length control field | 140325t2011 at adk frb 001 0 eng d |
| 020 ## - INTERNATIONAL STANDARD BOOK NUMBER | |
| International Standard Book Number | 9780538743389 |
| 020 ## - INTERNATIONAL STANDARD BOOK NUMBER | |
| International Standard Book Number | 0538743387 |
| 082 00 - DEWEY DECIMAL CLASSIFICATION NUMBER | |
| Edition number | 22 |
| Classification number | 658.301 |
| Item number | MEL |
| 100 1# - MAIN ENTRY--PERSONAL NAME | |
| Personal name | Mello, Jeffrey A. |
| 9 (RLIN) | 35777 |
| 245 10 - TITLE STATEMENT | |
| Title | Strategic management of human resources / |
| Statement of responsibility, etc | Jeffrey A. Mello. |
| 250 ## - EDITION STATEMENT | |
| Edition statement | 3rd ed., international ed. |
| 260 ## - PUBLICATION, DISTRIBUTION, ETC. (IMPRINT) | |
| Place of publication, distribution, etc | [Canberra] : |
| Name of publisher, distributor, etc | South-Western Cengage Learning, |
| Date of publication, distribution, etc | c.2011 |
| Place of manufacture | ([Beijing]) |
| 300 ## - PHYSICAL DESCRIPTION | |
| Extent | xix, 688 p. : |
| Other physical details | charts, forms, tables ; |
| Dimensions | 26 cm. |
| 500 ## - GENERAL NOTE | |
| General note | Includes indexes. |
| 504 ## - BIBLIOGRAPHY, ETC. NOTE | |
| Bibliography, etc | Includes bibliographical references. |
| 504 ## - BIBLIOGRAPHY, ETC. NOTE | |
| Bibliography, etc | Bibliography : p. 669- 677. |
| 650 #0 - SUBJECT ADDED ENTRY--TOPICAL TERM | |
| 9 (RLIN) | 1643 |
| Topical term or geographic name as entry element | Strategic planning |
| 650 #0 - SUBJECT ADDED ENTRY--TOPICAL TERM | |
| 9 (RLIN) | 994 |
| Topical term or geographic name as entry element | Personnel management |
| 653 ## - INDEX TERM--UNCONTROLLED | |
| Resource For college | BAEPS, Business Administration |
| Arrived date list | March2014 |
| -- | March2015 |
| 655 ## - INDEX TERM--GENRE/FORM | |
| Form subdivision | |
| -- | 33728 |
| 942 ## - ADDED ENTRY ELEMENTS (KOHA) | |
| Source of classification or shelving scheme | Dewey Decimal Classification |
| Call number prefix | 658.301 MEL |
| Withdrawn status | Item status | Source of classification or shelving scheme | Damaged status | Not for loan | Vendor | Home library | Current library | Shelving location | Date acquired | Source of acquisition | Cost, normal purchase price | Total Checkouts | Full call number | Barcode | Date last seen | Cost, replacement price | Koha item type | Total Renewals | Date last borrowed |
|---|---|---|---|---|---|---|---|---|---|---|---|---|---|---|---|---|---|---|---|
| Dewey Decimal Classification | Baccah | Central Library | Central Library | First floor | 25/03/2014 | 350.00 | 658.301 MEL | 000035801 | 15/07/2025 | 437.50 | NB - Book (Non borrowing) | ||||||||
| Dewey Decimal Classification | Baccah | Central Library | Central Library | First floor | 25/03/2014 | 350.00 | 9 | 658.301 MEL | 000035802 | 15/07/2025 | 437.50 | Book - Borrowing | 21 | 16/04/2018 | |||||
| Dewey Decimal Classification | Baccah | Central Library | Central Library | First floor | 25/03/2014 | 350.00 | 8 | 658.301 MEL | 000035803 | 15/07/2025 | 437.50 | Book - Borrowing | 24 | 10/02/2019 | |||||
| Dewey Decimal Classification | Baccah | Central Library | Central Library | First floor | 19/03/2015 | 5 | 658.301 MEL | 000037528 | 15/07/2025 | Book - Borrowing | 34 | 10/02/2019 | |||||||
| Dewey Decimal Classification | Baccah | Central Library | Central Library | First floor | 19/03/2015 | 12 | 658.301 MEL | 000037529 | 15/07/2025 | Book - Borrowing | 14 | 23/02/2019 |